Modelo para la estimación de costos de tanques de almacenamiento de hidrocarburos
Wedi'i Gadw mewn:
| Prif Awdur: | |
|---|---|
| Fformat: | Llyfr |
| Cyhoeddwyd: |
San José, C.R.
2002
|
| Pynciau: | |
| Tagiau: |
Ychwanegu Tag
Dim Tagiau, Byddwch y cyntaf i dagio'r cofnod hwn!
|
MARC
| LEADER | 00000nam a2200000Ia 4500 | ||
|---|---|---|---|
| 001 | 4598 | ||
| 003 | 009036 | ||
| 005 | 20221231144151.0 | ||
| 008 | 140114s2002 c a m 000|||s d | ||
| 040 | |c cru CEDI | ||
| 100 | |a Villalobos Pacheco, Luis Javier |9 7161 | ||
| 245 | |a Modelo para la estimación de costos de tanques de almacenamiento de hidrocarburos | ||
| 260 | |c 2002 |a San José, C.R. | ||
| 300 | |a 127 hojas, [100] hojas : ilustraciones a color | ||
| 500 | |a Tesis (licenciatura en ingeniería civil)--Universidad de Costa Rica. Facultad de Ingeniería. Escuela de Ingeniería Civil | ||
| 650 | |x TANQUES |x DISEÑO Y CONSTRUCCION |x HIDROCARBUROS |x ALMACENAMIENTO |x PRODUCTOS DEL PETROLEO |9 7162 | ||
| 942 | |c TFG | ||
| 999 | |c 17847 |d 17847 | ||
